00702 a2200169 45000010006000000050017000060080041000230030015000640400040000790800051001192450081001702640051002513000019003025050181003210410008005021000022005105962320260407155850.0260407a1963 arg spa dAR-UNSa-BCEJYS aAR-UNSa-BCEJYSbspacAR-UNSa-BCEJYS a330.56xRenta nacional. Producto nacional neto10aIngreso nacional y corriente de fondospconceptos, contabilidad y análisis 1aMéxico :bFondo de Cultura Económicac1963 a582 p.c24 cm. a1. Contabilidad del ingreso nacional - 2. Análisis del ingreso nacional – 3. Las cuentas de corrientes de fondos – 4. Los problemas de la estabilidad y del crecimiento -  aspa1 aPowelson, John P.